000 01456nam0a22003011 4500
001 RU\NLR\INFOCOMM_190\5000050719
005 20250613093822.0
035 _a(NLR Aleph) 009224500
090 _a8827725
_c8827725
100 _a20100607d1971 |||y0rusy50 ca
101 1 _aspa
102 _aRU
105 _aa ||||000|y
200 1 _aUna cosa bien simple
_eNovelas cortas soviéticas
_f[Trad. por César Astor
_gPresentación de A. Súrikov]
210 _aΜ.
_c"Progreso"
_d[1971]
215 _a424 с.
_cпортр.
_d17 см
225 1 _aAntología de la literatura rusa y soviética
327 1 _aСодерж.: Lavreniov B. Una cosa bien simple.- Gorki M. El primer amor.- Tolstói A. La víbora [и др. рассказы]
464 0 _12001#$aUma coisa bem simples
_1700#1$aLavrenev$bB. A.$gBoris Andreevič$f1891-1959$3RU\NLR\AUTH\770258400$4070
_tUma coisa bem simples
_aLavrenev, Boris Andreevič (1891-1959)
464 0 _12001#$aEl primer amor
_1700#1$9z01790$aGor'kij$bM.$gMaksim$f1868-1936$4070
_1790#1$9z01700$aGorki$bM.$4070
_tEl primer amor
_aGor'kij, Maksim (1868-1936)
464 0 _12001#$aLa víbora
_1700#1$9z01790$aTolstoj$bA. N.$gAleksej Nikolaevič$f1883-1943$4070
_1790#1$9z01700$aTolstói$bA.$4070
_tLa víbora
_aTolstoj, Aleksej Nikolaevič (1883-1943)
686 _aЛх-рс5(исп.)
_2rubbk
801 1 _aRU
_bNLR
_c20100607
801 0 _aRU
_bNLR
_gPSBO
852 _aNLR
_jЛ31 Д-1/41
942 _cBOOK
980 _aNB